<?xml version="1.0" encoding="UTF-8"?>
<record
    xmlns:xsi="http://www.w3.org/2001/XMLSchema-instance"
    xsi:schemaLocation="http://www.loc.gov/MARC21/slim http://www.loc.gov/standards/marcxml/schema/MARC21slim.xsd"
    xmlns="http://www.loc.gov/MARC21/slim">

  <leader>00795nam a2200157Ia 4500</leader>
  <controlfield tag="008">120625s9999    xx            000 0 und d</controlfield>
  <datafield tag="020" ind1=" " ind2=" ">
    <subfield code="a">970-690-031-4</subfield>
  </datafield>
  <datafield tag="050" ind1=" " ind2=" ">
    <subfield code="a">PN6054 A9A5 2000</subfield>
  </datafield>
  <datafield tag="100" ind1=" " ind2=" ">
    <subfield code="a">&#xC1;vila Fonseca , Patricia Eugenia</subfield>
  </datafield>
  <datafield tag="245" ind1=" " ind2=" ">
    <subfield code="a">Antolog&#xED;a de textos literarios para bachillerato / preparada por Patricia Eugenia &#xC1;vila Fonseca, Ma. Ysabel Gracida Ju&#xE1;rez, Blanca Estela Trevi&#xF1;o Garc&#xED;a</subfield>
  </datafield>
  <datafield tag="260" ind1=" " ind2=" ">
    <subfield code="a">M&#xE9;xico : Planeta</subfield>
  </datafield>
  <datafield tag="300" ind1=" " ind2=" ">
    <subfield code="a">3 v.; 27 cm.</subfield>
  </datafield>
  <datafield tag="505" ind1=" " ind2=" ">
    <subfield code="a">v. 1. Autores espa&#xF1;oles del siglo de oro al siglo XX. -- v. 2. Literatura universal. -- v. 3. Autores mexicanos y de otros pa&#xED;ses de hispanoam&#xE9;rica</subfield>
  </datafield>
  <datafield tag="650" ind1=" " ind2=" ">
    <subfield code="a">1. Literatura - Estudio y ense&#xF1;anza   2. Literatura Hispanoamericana</subfield>
  </datafield>
  <datafield tag="700" ind1=" " ind2=" ">
    <subfield code="a">\Gracida Ju&#xE1;rez, Ma. Ysabel   \Trevi&#xF1;o Garc&#xED;a, Blanca Estela  &#xCC;</subfield>
  </datafield>
  <datafield tag="952" ind1=" " ind2=" ">
    <subfield code="0">0</subfield>
    <subfield code="1">0</subfield>
    <subfield code="2">lcc</subfield>
    <subfield code="4">0</subfield>
    <subfield code="7">0</subfield>
    <subfield code="a">04</subfield>
    <subfield code="b">04</subfield>
    <subfield code="d">2012-05-25</subfield>
    <subfield code="l">0</subfield>
    <subfield code="o">PN6054 A9A5 2000</subfield>
    <subfield code="p">05 001246</subfield>
    <subfield code="r">2023-05-12</subfield>
    <subfield code="t">1</subfield>
    <subfield code="w">2012-06-24</subfield>
    <subfield code="y">LB</subfield>
  </datafield>
  <datafield tag="999" ind1=" " ind2=" ">
    <subfield code="c">63526</subfield>
    <subfield code="d">63526</subfield>
  </datafield>
</record>
